Easy furniture buliding : (Record no. 185207)

000 -LEADER
fixed length control field 01018 a2200157 4500
003 - CONTROL NUMBER IDENTIFIER
control field Nust
005 - DATE AND TIME OF LATEST TRANSACTION
control field 20230119104750.0
040 ## - CATALOGING SOURCE
Transcribing agency Nust
082 ## - DEWEY DECIMAL CLASSIFICATION NUMBER
Classification number 694,EAS
100 ## - MAIN ENTRY--PERSONAL NAME
Personal name Edward W. Hobbs
9 (RLIN) 107050
245 ## - TITLE STATEMENT
Title Easy furniture buliding :
Remainder of title a practical handbook for the home craftsman /
Statement of responsibility, etc. Edward W. Hobbs
260 ## - PUBLICATION, DISTRIBUTION, ETC.
Place of publication, distribution, etc. London
Name of publisher, distributor, etc. Cassel company
Date of publication, distribution, etc. 1929
300 ## - PHYSICAL DESCRIPTION
Extent 151
505 ## - FORMATTED CONTENTS NOTE
Formatted contents note Materials and Supplies (Page-1), Tools, Their Selection and use (Page-12), Cutting and Making Joints (Page-26), Fundamental Principle of Design (Page-33), Chairs and Lounge Seats (Page-38), Tables and Stands (Page-51), Bedsteads, Divans and Ottoman (Page-63), Wardrobes and Cupboards (Page-75), Blanket Box, Linen Box, Work Box (Page-86), Nursery Furniture (Page-92), Kitchen Furniture and Equipment (Page-101), A Dressing Chest and Chest of Drawer (Page-115), Draught Screen, Bookcase, Fireside Seat and Curb (Page-121), Larder Furniture (Page-130), China Cabinet and Umbrella Stand (Page-139), Sideboards (Page-145).
942 ## - ADDED ENTRY ELEMENTS (KOHA)
Source of classification or shelving scheme
Koha item type Book
Holdings
Withdrawn status Lost status Source of classification or shelving scheme Damaged status Not for loan Permanent Location Current Location Shelving location Date acquired Full call number Barcode Date last seen Price effective from Koha item type Public note
          Military College of Signals (MCS) Military College of Signals (MCS) General Stacks 12/12/2016 694,EAS MCS22019 12/08/2016 12/12/2016 Book Amirah No.55, Shelf No.5
© 2023 Central Library, National University of Sciences and Technology. All Rights Reserved.